00596 a2200181 450000100060000002000180000604000220002410000160004624000340006224500290009630000080012536200090013365000310014294200070017395201090018095201080028999900170039763695 a9788508047169 cAnchieta - Pituba aTwain, Mark10aO príncipe e o mendigolpor10aO príncipe e o mendigo a2150 a1998 4aFicção norte-americana cBK 00104070a91.1b91.1d2023-11-21l0o813 T969p TWA PRIp17202/PITr2023-11-21 18:32:10w2023-11-21yBK 00102ddc4070a57.2b57.2d2024-05-02l0pnt70r2024-05-02 19:36:27w2024-05-02yBKzestante brancau c63695d63695